000 01520nab a2200385 a 4500
001 49262
003 FlNmELB
005 20241216232021.0
006 m o d |
007 cr cn|||||||||
008 201206r2005 mx |||||s|||||||||||spa d
022 _a1405-3195
035 _a(OCoLC)955355782
040 _aFlNmELB
_bspa
_cFlNmELB
050 4 _aS495
_bR173 2005
080 _a630
082 0 4 _a630
_222
100 1 _aRamírez-Figueroa, Cecilia.
222 0 _aAgrociencia
245 1 0 _aTablas de potencia y tamaño de muestra de la prueba uniformemente más potente invariante (umpi) para demostrar equivalencia de las medias de dos distribuciones normales
_h[recurso electronico] /
_cCecilia Ramírez-Figueroa, David Sotres-Ramos.
260 _aTexcoco, México :
_bColegio de Postgraduados,
_c2005.
300 _a657-666 p.
310 _aBimestral
362 0 _aVol. 39, Num. 6 (Noviembre-Dic. 2005)-
533 _aRecurso electrónico. Santa Fe, Arg.: e-libro, 2015. Disponible vía World Wide Web. El acceso puede estar limitado para las bibliotecas afiliadas a e-libro.
546 _aArtículo en español, resumenes en español e inglés.
650 0 _aAgronomía
_xPublicaciones periódicas.
650 0 _aAgronomy
_xPeriodicals.
653 _aAgronomia
_aPublicaciones periodicas
655 4 _aArtículos electrónicos.
700 1 _aSotres-Ramos, David.
710 2 _ae-libro, Corp.
740 0 2 _aAgrociencia.
856 4 0 _uhttps://elibro.net/ereader/politecnicointernacional/19142
999 _c49262
_d49262